| 000 | 00393nam a2200157Ia 4500 | ||
|---|---|---|---|
| 008 | 230917s9999||||xx |||||||||||||| ||und|| | ||
| 040 |
_e112696 _aMAIN |
||
| 041 | _aEnglish | ||
| 082 | _a620.106 C 886 E | ||
| 100 | _aCrowe, Clayton T | ||
| 245 | 0 | _aEngineering fluid mechanics | |
| 250 | _a8th ed. | ||
| 260 |
_aNew Jercy _bJohn Wiley&Sons _c2005 |
||
| 300 | _axii p. ; 656 | ||
| 942 | _cBK | ||
| 999 |
_c129706 _d129706 |
||